00723nam a22002052 4500001001100000005001700011008004100028020002800069040001500097050002100112100003300133245009000166250001200256260004000268300003500308504006400343650002700407700003700434700004600471000000312420151217151916.0070427s xx 000 0 eng d a007240535X :cKES 1,605 aKABUcKABU 0aHM585b.H84 20021 aHughes, Michael.@000015090010aSociology :bthe core /cMichael Hughes, Carolyn J. Kroehler, James W. Vander Zanden. a6th ed. aBoston, Mass :bMcGraw-Hill,c2002. axxxi, 525 p. :bill. ;c23 cm. aIncludes bibliographical references (p. 466-508) and index. 0aSociology.@00000990211 aKroehler, Carolyn J.@00001527761 aVander Zanden, James Wilfred.@0000152777